CHP yeniden yapılanma örgüt girişimi (Sol Kanat) 13.2.2000 toplantısı sonuç bildirgesi (Record no. 5631)

MARC details
000 -BAŞLIK
Sabit Uzunlukta Kontrol Alanı 01685na a2200433 4500
001 - KONTROL NUMARASI
Denetim Alanı 20548
003 - KONTROL NUMARASI IDENTIFIER
Denetim Alanı MIRAKIL
005 - SON İŞLEM TARİHİ VE ZAMANI
Denetim Alanı 20181213155042.0
008 - SABİT-BOY VERİ ELEMANLARI - GENEL BİLGİLER
Sabit Uzunlukta Kontrol Alanı 170124b tu 000 0
035 ## - SİSTEM KONTROL NUMARASI
Sistem Kontrol Numarası 20548
040 ## - KATALOGLAMA KAYNAK
Orijinal Kataloglama Ajansı Milas
Kataloglama Dili tur
Metne Dönüştürmek Ajansı TR-AnCHP
041 ## - DİL KODU
Metin / Ses Parça Veya Ayrı Başlığın Dil Kodu tur
082 ## - DEWEY ONLU SINIFLANDIRMA NUMARASI
Sınıflandırma Numarası CHP 324.23072
Ürün Numarası C36b 2000
090 ## - SINIFLAMA NUMARASI
Sınıflama Numarası CHP 324.23072 C36b 2000
110 ## - ANA GİRİŞ - KURUMSAL ADI
Giriş Elemanı Olarak Kurumsal Ad Veya Yargı Alanı Adı Cumhuriyet Halk Partisi (CHP)
Alt Birim Sol Kanat
222 ## - ANAHTAR ADI
Anahtar Başlık Bildirgeler
245 ## - BAŞLIK TABLOSU
Başlık CHP yeniden yapılanma örgüt girişimi (Sol Kanat) 13.2.2000 toplantısı sonuç bildirgesi
Sorumluluk Tablosu, Vb CHP Yeniden Yapılanma Örgüt Girişim Grubu (Sol Kanat)
246 ## - UNVAN FORM VARYING
Başlık Doğru / Kısa Başlığı CHP 11. olağanüstü kurultayı bildirgesi
246 ## - UNVAN FORM VARYING
Başlık Doğru / Kısa Başlığı CHP Sol Kanat bildirgesi
246 ## - UNVAN FORM VARYING
Başlık Doğru / Kısa Başlığı CHP yeniden yapılanma örgüt girişimi bildirgesi
246 ## - UNVAN FORM VARYING
Başlık Doğru / Kısa Başlığı CHP Sol Kanat 13.2.2000 toplantısı sonuç bildirgesi
260 ## - YAYIN, DAĞITIM, VB
Yayın, Dağıtım, Vb Yeri Ankara
Yayıncı, Dağıtıcı, Vs Adı CHP
Yayın, Dağıtım, Vb Tarihi 2000
300 ## - FİZİKSEL TANIM
Kapsam [8] s.
Boyutlar 21 sm.
440 ## - SERİSİ TABLOSU / KATMA GİRİŞİ - BAŞLIK
Başlık Cumhuriyet Halk Partisi yayınları
Bir İşin Parçası / Bölümün İsmi Bildirgeler
610 ## - KONU KATMA GİRİŞ - TOPLANTI ADI
Giriş Elemanı Olarak Kurumsal Ad Veya Yargı Alanı Adı CHP
Alt Birim Sol Kanat
Genel Alt Bölüm Propaganda ve ideolojiler
Kronolojik Alt Bölüm Bildirgeler
610 ## - KONU KATMA GİRİŞ - TOPLANTI ADI
Giriş Elemanı Olarak Kurumsal Ad Veya Yargı Alanı Adı Cumhuriyet Halk Partisi (CHP)
Alt Birim Sol Kanat
Genel Alt Bölüm Olağanüstü kurultaylar, 2000
Kronolojik Alt Bölüm Bildirgeler
651 ## - KONU KATMA GİRİŞ - COĞRAFİ ADI
Coğrafi İsim Türkiye
Genel Alt Bölümü Siyaset ve yönetim
Kronolojik Alt Bölümü 2000-2002
710 ## - KATMA GİRİŞ - KURUMSAL ADI
Giriş Elemanı Olarak Kurumsal Ad Veya Yargı Alanı Adı CHP Yeniden Yapılanma Örgüt Girişim Grubu (Sol Kanat)
740 ## - KATMA GİRİŞ - KONTROLSUZ İLGİLİ / ANALİTİK BAŞLIK
Kontrol Edilmeyen / İlgili Analitik Başlıktaki CHP yeniden yapılanma örgüt girişimi bildirgesi
740 ## - KATMA GİRİŞ - KONTROLSUZ İLGİLİ / ANALİTİK BAŞLIK
Kontrol Edilmeyen / İlgili Analitik Başlıktaki CHP Sol Kanat 13.2.2000 toplantısı sonuç bildirgesi
830 ## - SERİSİ EKLENDİ GİRİŞ - ÜNİFORM ADI
Üniforma Başlık CHP bildirgeleri
942 ## - EKLENDİ GİRİŞ ELEMANLARI (KOHA)
Sınıflandırma Veya Raf Düzeni Kaynak Dewey Decimal Classification
Koha Öğesi Türü Books
999 ## - SİSTEM KONTROL NUMARALARI (KOHA)
Koha Biblionumber 5631
Koha Biblioitemnumber 5631
657 ## - INDEX SÜRE - İŞLEVİ
-- CHP olanağüstü kurultayları
657 ## - INDEX SÜRE - İŞLEVİ
-- CHP bildirgeleri
657 ## - INDEX SÜRE - İŞLEVİ
-- CHP kurultayları
657 ## - INDEX SÜRE - İŞLEVİ
-- CHP kurultay bildirgesi
657 ## - INDEX SÜRE - İŞLEVİ
-- CHP kurultay bildirgeleri
Holdings
Kalıcı Konum Mevcut Konum Edinme Tarihi Edinim Kaynak Toplam Check-Out'Lar Tam Çağrı Numarası Barkod Tarih Son Görülme İtibaren Geçerli Fiyatlar Sigara Kamu Notu Koha Öğesi Türü
CHP Kütüphanesi CHP Kütüphanesi 01/24/2017 Bağış   CHP 324.23072 C36b 2000 011753 01/24/2017 01/24/2017 Özgün broşür Books